| 000 | 01574nam0a2200361 4500 | ||
|---|---|---|---|
| 001 | RU\NLR\bibl\1155292 | ||
| 005 | 20250615081342.0 | ||
| 021 |
_aRU _b2007-69129 _93714 |
||
| 035 | _a(NLR Aleph) 001142069 | ||
| 090 |
_a1424021 _c1424021 |
||
| 100 | _a20071116d2007 |||y0rusy50 ca | ||
| 101 | 0 |
_arus _deng |
|
| 102 | _aRU | ||
| 105 | _aa ||||||||| | ||
| 200 | 1 |
_aО динамике турбулентного слоя в однородной и стратифицированной жидкости _fО.С. Ермакова, И.А. Капустин, В.В. Папко |
|
| 210 |
_aНижний Новгород _cИнститут прикладной физики _d2007 |
||
| 215 |
_a20 с. _cил. _d21 |
||
| 225 | 1 |
_aПрепринт _fРос. акад. наук, Ин-т прикл. физики _v№ 740 |
|
| 300 | _aРез. на англ. яз. | ||
| 320 | _aБиблиогр.: с. 20 (12 назв.) | ||
| 606 | 1 |
_aМоря и океаны _xТурбулентность _xИсследования _xМатематические методы _91515813 _3RU\NLR\auth\66658433 |
|
| 686 | _aД221.307в641 | ||
| 700 | 1 |
_aЕрмакова _bО. С. _gОльга Станиславовна _4070 |
|
| 701 | 1 |
_aКапустин _bИ. А. _gИван Александрович _4070 |
|
| 701 | 1 |
_aПапко _bВ. В. _gВладислав Владимирович _4070 |
|
| 801 | 0 |
_aRU _bNLR _c20071116 _gRCR |
|
| 801 | 1 |
_aRU _bNLR _c20071116 |
|
| 830 | _aАвт. по кн. | ||
| 942 | _cBOOK | ||
| 980 | _aNB | ||
| 980 | _aNBR | ||